OPAC Home

සර්වජන ඡන්ද බලය හා සමානුපාතික නියෝජන කර්මය (Record no. 112054)

MARC details
000 -LEADER
fixed length control field 00588nam a2200181Ia 4500
003 - CONTROL NUMBER IDENTIFIER
control field LK-CoDNM
008 - FIXED-LENGTH DATA ELEMENTS--GENERAL INFORMATION
fixed length control field 010623t1982 xxu||||| |||| 00| 1 sin d
040 ## - CATALOGING SOURCE
Original cataloging agency LK-CoDNM
Modifying agency LK-CoDNM
Description conventions LK-CoDNM
041 ## - LANGUAGE CODE
Language code of text/sound track or separate title Sinhala; Sinhalese
080 ## - UNIVERSAL DECIMAL CLASSIFICATION NUMBER
Universal Decimal Classification number 342.8
Item number SRW
942 ## - ADDED ENTRY ELEMENTS (KOHA)
Koha item type Books
100 ## - MAIN ENTRY--PERSONAL NAME
Personal name Jayawardana,Daya
245 ## - TITLE STATEMENT
Title සර්වජන ඡන්ද බලය හා සමානුපාතික නියෝජන කර්මය
246 ## - VARYING FORM OF TITLE
Title proper/short title Sarwajana Chanda Balaya Haa Samanupaathika Niyojanaya Kramaya
260 ## - PUBLICATION, DISTRIBUTION, ETC. (IMPRINT)
Name of publisher, distributor, etc. Daya Jayawardana
Place of publication, distribution, etc. Ruwanwella
Date of publication, distribution, etc. 1982
300 ## - PHYSICAL DESCRIPTION
Other physical details p.39, 18 cm
650 ## - SUBJECT ADDED ENTRY--TOPICAL TERM
Topical term or geographic name as entry element Election
Holdings
Withdrawn status Lost status Damaged status Not for loan Collection code Permanent Location Current Location Date acquired Full call number Barcode Koha item type
        Monographs Library National Museum Colombo - Sri Lanka Library National Museum Colombo - Sri Lanka 2023-08-02 342.8 SRW P12286 Books
Copyright © 2023 Department of National Museum, Colombo 07, Sri Lanka Funded by UNESCO IFAP UNESCO